000 02386cam a2200553 i 4500
001 sjds589305
003 sjds
005 20180624214839.0
008 140913s2015 nyua b 000 1 spa
010 _a 2014033308
020 _a9780553509793 (hardback)
020 _a0553509799 (hardback)
020 _a9780553509809 (library bound hardcover)
020 _a0553509802 (library bound hardcover)
035 _a(OCoLC)877844070
040 _aDLC
_beng
_erda
_cDLC
_dBTCTA
_dOCLCO
_dIFA
_dUtOrBLW
041 1 _aspa
_heng
049 _aIFAA
099 _f2015
100 1 _aSeuss,
_cDr.,
_eauthor,
_eillustrator.
240 1 0 _aCat in the hat.
_lSpanish
245 1 3 _aEl gato ensombrerado /
_cpor Dr. Seuss ; traduccion de Georgina Lazaro y Teresa Mlawer.
250 _aPrimera edición.
260 _aNueva York :
_bRandom House,
_c[2015]
264 1 _aNueva York :
_bRandom House,
_c[2015]
300 _a61 pages :
_bcolor illustrations ;
_c24 cm
336 _atext
_btxt
_2rdacontent
336 _astill image
_bsti
_2rdacontent
337 _aunmediated
_bn
_2rdamedia
338 _avolume
_bnc
_2rdacarrier
500 _aTítulo original: The cat in the hat.
500 _a"Beginner books."
500 _aOriginally published in English by Random House Children's Books in 1957 under title: The cat in the hat.
520 _a"...El personaje principal [de este libro] es un gato antropom�rfico, alto, travieso, vestido con un sombrero de copa a rayas rojas y blancas y una corbata de lazo rojo"--Wikipedia.org.
520 _aA zany but well-meaning cat brings a cheerful, exotic, and exuberant form of chaos to a household of two young children one rainy day while their mother is out.
526 0 _aAccelerated Reader
_bLG
_c2.1
_d0.5
_z6107SP
546 _aText in Spanish.
650 0 _aCat in the Hat (Fictitious character)
_vJuvenile fiction.
650 0 _aHumorous stories
_vJuvenile literature.
650 0 _aStories in rhyme
_vJuvenile literature.
650 0 _aCats
_vJuvenile fiction.
650 7 _aGato Ensombrerado (Personaje literario)
_vNovela juvenil.
_2local
650 7 _aGatos
_vNovela juvenil.
_2bidex
650 7 _aCuentos en rima
_vLiteratura juvenil.
_2bidex
650 7 _aCuentos humorosos
_vLiteratura juvenil.
_2bidex
700 1 _aLazaro Leon, Georgina,
_etranslator.
700 1 _aMlawer, Teresa,
_etranslator.
942 _cBK
_2ddc
999 _c20998
_d20998